000 00296nam a22001337a 4500
008 170817b xxu||||| |||| 00| 0 eng d
020 _a0534008984
041 _aeng
080 _a51
100 _a36
101 _aMAT
245 _aORDINARY DIFFERENTIAL EQUATIONS
_cLDAS.F
942 _2udc
_cBK
999 _c23924
_d23924